| 000 | 00871nam a22002777a 4500 | ||
|---|---|---|---|
| 001 | 5696 | ||
| 003 | FISKH | ||
| 005 | 20250114120804.0 | ||
| 008 | 250114b cb ||||| |||| 00| 0 eng d | ||
| 020 | _a9780545855204 | ||
| 040 |
_aFISKH _beng _cFISKH _dFISKH |
||
| 050 | _aPZ7 | ||
| 082 | _a636.7 | ||
| 100 | _aFeldman, Thea | ||
| 245 |
_aLet's play / _cBy Thea Feldman ; Illustrations by Clare Elsom |
||
| 260 |
_aNew York : _bScholastic, _c2016. |
||
| 300 |
_a20 unnumbered pages : _bcolor illustrations ; _c19 cm |
||
| 490 |
_aPuppy Pals Phonics _vBook one |
||
| 505 | _aG | ||
| 520 | _aA box set to get your tail wagging. These dogs are so smart they don’t just fetch sticks. They also help you with phonics. | ||
| 521 | 8 |
_a360
_bLexile |
|
| 521 | 8 |
_aG
_bRaz-Plus |
|
| 650 |
_aLanguage Arts _vPets |
||
| 942 |
_2ddc _cBK _n0 |
||
| 999 |
_c5696 _d5696 |
||